| 000 | 01869nam2a22002651 4500 | ||
|---|---|---|---|
| 001 | RU\NLR\INFOCOMM31\5000143686 | ||
| 005 | 20250617065429.0 | ||
| 035 | _a(NLR Aleph) 002534916 | ||
| 090 |
_a2882370 _c2882370 |
||
| 100 | _a20050523d1980 |||y0rusy50 ca | ||
| 101 | 0 | _arus | |
| 102 | _aRU | ||
| 105 | _ay ||||000|y | ||
| 200 | 1 |
_aЭффективность применения неметаллических труб в народном хозяйстве _fВ.С. Ромейко, В.М. Володин |
|
| 210 |
_d1980 _aБ. м. |
||
| 461 | 0 |
_1001RU\NLR\INFOCOMM31\5000143522 _12001#$aМатериально-техническое снабжение$eОбзор по основным направлениям развития отрасли$iЭкономия и рациональное использование сырьевых, топливно-энергетических и других материальных ресурсов$fЦНИИ информ. и техн.-экон. исслед. по матер.-техн. снабжению (ЦНИИТЭИМС)$v1980, Вып.2 _92882245 _cМ. _d1979-1986 _fЦНИИ информ. и техн.-экон. исслед. по матер.-техн. снабжению (ЦНИИТЭИМС) _iЭкономия и рациональное использование сырьевых, топливно-энергетических и других материальных ресурсов _oОбзор по основным направлениям развития отрасли _tМатериально-техническое снабжение _x0203-2619 _v1980, Вып.2 |
|
| 700 | 1 |
_aРомейко _bВ.С. _4070 |
|
| 701 | 1 |
_aВолодин _bВ.М. _4070 |
|
| 801 | 1 |
_aRU _bInfoComm _c20050523 |
|
| 801 | 0 |
_aRU _bNLR _gPSBO |
|
| 852 |
_aNLR _jП22/4754 |
||
| 942 | _cISSUE | ||
| 980 | _aNB | ||
| 980 | _aRUSPER | ||